000 00321 a2200109 4500
001 ART_43075
005 20260410161629.0
008 260409a
245 1 0 _aPago a cuenta del impuesto a las ganancias por ley 27.264
100 1 _aZgaib, Alfredo O.
773 0 _tEnfoques
_g- NÂș 7 (jul. 2017)
_wREV416
999 _c12282
_d12282